| 000 | 00289 a2200121 4500 | ||
|---|---|---|---|
| 999 |
_c306621 _d306621 |
||
| 001 | 71548 | ||
| 003 | NUST | ||
| 005 | 20180119123020.0 | ||
| 008 | 180119b xxu||||| |||| 00| 0 eng d | ||
| 082 | _a517.27 GEL | ||
| 100 |
_aGelfand _99080 |
||
| 245 |
_aCalculus of Variations _hEnglish |
||
| 260 |
_aNew Jersey _b1963 _cPrentice Hall |
||
| 300 | _aVIII 232p | ||
| 942 |
_aCAE NUST _cBK _k517.27 GEL _2ddc |
||